000 01535nam0a2200325 4500
001 RU\NLR\bibl\1326999
005 20260407063932.0
010 _a978-5-699-29354-4
_95100
021 _aRU
_b2008-86494
035 _a(NLR Aleph) 001312276
090 _a687084
_c687084
100 _a20090210d2008 |||y0rusy50 ca
101 0 _arus
102 _aRU
105 _aa |||||||||
200 1 _aПутешествия на Берег Маклая
_fН.Н. Миклухо-Маклай
210 _aМосква
_cЭксмо
_d2008
215 _a510, [1] с., [14] л. цв. ил., портр.
_cил., портр., факс., карт.
_d27
225 1 _aВеликие путешествия
320 _aБиблиогр. в поддстроч. прим.
600 1 _aМиклухо-Маклай
_bН.Н.
_f1846 - 1888
_gНиколай Николаевич
_91699228
_3RU\NLR\auth\66756189
607 _aНовая Гвинея, остров (Тихий океан)
_xОписание и путешествия русские
_91715524
_3RU\NLR\auth\66765060
686 _aД8д(2)Миклухо-Маклай
686 _aД890(84НвГ)022
700 1 _4570
_8rus
_7ca
_aМиклухо-Маклай
_bН. Н.
_cэтнограф, антрополог, путешественник
_f1846-1888
_gНиколай Николаевич
_3RU\NLR\AUTH\7713928
_9123607
801 0 _aRU
_bNLR
_c20090210
_gRCR
801 1 _aRU
_bNLR
_c20090210
942 _cBOOK
980 _aNB